มุมมองปกติ
มุมมองแบบ MARC
- การพิจารณาและตัดสินคดี (การฉ้อโกง)
รายการ Topical Term
001 - CONTROL NUMBER
- control field: 66076
003 - CONTROL NUMBER IDENTIFIER
- control field: NALT
005 - DATE AND TIME OF LATEST TRANSACTION
- control field: 20250613145758.0
008 - FIXED-LENGTH DATA ELEMENTS
- fixed length control field: 250613|| aca||babn | a|a d
040 ## - CATALOGING SOURCE
- Original cataloging agency: NALT
150 ## - HEADING--TOPICAL TERM
- Topical term or geographic name entry element: การพิจารณาและตัดสินคดี (การฉ้อโกง)
- Geographic subdivision: ไทย
